Apuntes sobre el texto teatral / (Record no. 20338)
[ view plain ]
| 000 -CABECERA | |
|---|---|
| campo de control de longitud fija | 00576nam a2200181 a 4500 |
| 001 - NÚMERO DE CONTROL | |
| campo de control | 000020835 |
| 005 - FECHA Y HORA DE LA ÚLTIMA TRANSACCIÓN | |
| campo de control | 20241028095415.0 |
| 008 - DATOS DE LONGITUD FIJA--INFORMACIÓN GENERAL | |
| campo de control de longitud fija | 100818s1979 ve 000 0 spa d |
| 040 ## - FUENTE DE LA CATALOGACIÓN | |
| Centro catalogador/agencia de origen | DO-SdBNP |
| Lengua de catalogación | spa |
| Centro/agencia transcriptor | BPJMB |
| 082 ## - NÚMERO DE LA CLASIFICACIÓN DECIMAL DEWEY | |
| Número de clasificación | V862 |
| Número de documento/Ítem | P349a |
| 100 1# - ENTRADA PRINCIPAL--NOMBRE DE PERSONA | |
| Nombre de persona | Peña, Edilio. |
| 9 (RLIN) | 43670 |
| 245 10 - MENCIÓN DE TÍTULO | |
| Título | Apuntes sobre el texto teatral / |
| Mención de responsabilidad, etc. | Edilio Peña. |
| 260 ## - PUBLICACIÓN, DISTRIBUCIÓN, ETC. | |
| Lugar de publicación, distribución, etc. | Caracas : |
| Nombre del editor, distribuidor, etc. | Fundación para la Cultura y las Artes del Distrito Federal, |
| Fecha de publicación, distribución, etc. | 1979. |
| 300 ## - DESCRIPCIÓN FÍSICA | |
| Extensión | 57 p. ; |
| Dimensiones | 22 cm. |
| 490 1# - MENCIÓN DE SERIE | |
| Mención de serie | Cuadernos de Difusión, |
| Designación de volumen o secuencia | 37 |
| 650 #0 - PUNTO DE ACCESO ADICIONAL DE MATERIA--TÉRMINO DE MATERIA | |
| Término de materia o nombre geográfico como elemento de entrada | Teatro |
| 9 (RLIN) | 7455 |
| 830 #0 - PUNTO DE ACCESO ADICIONAL DE SERIE-TÍTULO UNIFORME | |
| Título uniforme | Cuadernos de Difusión, |
| Designación de volumen o secuencia | 37 |
| 9 (RLIN) | 6694 |
No items available.
